Porto Biggest Transfers - Statistics

General Stats
  • This quiz has been taken 61 times
  • The average score is 119 of 286
Answer Stats
% Correct
Incomings Colombia AM James Rodriguez 10/11 Banfield
91%
Outgoings Colombia AM James Rodriguez 13/14 Monaco
91%
Incomings Brazil LW Pepe 21/22 Gremio
91%
Incomings Portugal CB Pepe 04/05 Maritimo
91%
Outgoings Portugal CB Pepe 07/08 Real Madrid
91%
Incomings Colombia ST Radamel Falcao 09/10 River Plate
89%
Outgoings Colombia ST Radamel Falcao 11/12 Atletico Madrid
89%
Incomings Colombia LW Luis Diaz 19/20 Junior
87%
Outgoings Colombia LW Luis Diaz 21/22 Liverpool
87%
Incomings Brazil ST Hulk 08/09 Tokyo Verdy
83%
Outgoings Brazil ST Hulk 12/13 Zenit
83%
Incomings Portugal GK Jose Sa 15/16 Maritimo
83%
Outgoings Portugal GK Jose Sa 19/20 Olympiacos
83%
Incomings Portugal ST Orlando Sa 09/10 Braga
83%
Incomings Portugal DM Danilo Pereira 15/16 Maritimo
81%
Outgoings Portugal DM Danilo Pereira 21/22 Paris Saint-Germain
81%
Outgoings Portugal DM Danilo Pereira 20/21 Paris Saint-Germain
81%
Incomings Colombia ST Jackson Martinez 12/13 Jaguares
81%
Outgoings Colombia ST Jackson Martinez 15/16 Atletico Madrid
81%
Outgoings Portugal ST Andre Silva 17/18 Milan
80%
Incomings Portugal AM Deco 98/99 Salgueiros
80%
Outgoings Portugal AM Deco 04/05 Barcelona
80%
Incomings Brazil CB Eder Militao 18/19 Sao Paulo
80%
Outgoings Brazil CB Eder Militao 19/20 Real Madrid
80%
Outgoings Portugal ST Fabio Silva 20/21 Wolverhampton Wanderes
80%
Outgoings Portugal CM Vitinha 22/23 Paris Saint-Germain
80%
Incomings Portugal CM Joao Moutinho 10/11 Sporting CP
78%
Outgoings Portugal CM Joao Moutinho 13/14 Monaco
78%
Incomings Cameroon ST Vincent Aboubakar 14/15 Lorient
78%
Outgoings Cameroon ST Vincent Aboubakar 16/17 Besiktas
78%
Incomings Brazil LB Alex Sandro 11/12 Deportivo Maldonado
76%
Outgoings Brazil LB Alex Sandro 15/16 Juventus
76%
Incomings Uruguay LB Alvaro Pereira 09/10 CFR Cluj
76%
Outgoings Uruguay LB Alvaro Pereira 12/13 Inter Milan
76%
Outgoings Portugal RB Ricardo Pereira 18/19 Leicester City
76%
Incomings Brazil LB Alex Telles 16/17 Galatasaray
72%
Outgoings Brazil LB Alex Telles 20/21 Manchester United
72%
Incomings France CB Eliaquim Mangala 11/12 Standard Liege
72%
Outgoings France CB Eliaquim Mangala 14/15 Manchester City
72%
Incomings Brazil CB Thiago Silva 04/05 Juventude
72%
Outgoings Brazil CB Thiago Silva 05/06 Dynamo Moscow
72%
Incomings Spain ST Toni Martinez 20/21 Famalicao
72%
Incomings Mexico CM Hector Herrera 13/14 Pachuca
70%
Incomings Spain CM Nico Gonzalez 23/24 Barcelona
70%
Incomings Portugal RW Ricardo Quaresma 04/05 Barcelona
70%
Outgoings Portugal RW Ricardo Quaresma 08/09 Inter Milan
70%
Outgoings Portugal RW Ricardo Quaresma 15/16 Besiktas
70%
Incomings Brazil CB Danilo 11/12 Santos
69%
Outgoings Brazil CB Danilo 15/16 Real Madrid
69%
Outgoings Portugal RB Diogo Dalot 18/19 Manchester United
69%
Outgoings Portugal AM Fabio Vieira 22/23 Arsenal
69%
Incomings Portugal RW Otavio 14/15 Internacional
69%
Outgoings Portugal RW Otavio 23/24 Al-Nassr
69%
Incomings Spain ST Adrian Lopez 14/15 Atletico Madrid
67%
Outgoings Spain ST Adrian Lopez 15/16 Villarreal
67%
Incomings Brazil DM Casemiro 15/16 Real Madrid
67%
Outgoings Brazil DM Casemiro 15/16 Real Madrid
67%
Outgoings Portugal CB Ricardo Carvalho 04/05 Chelsea
67%
Incomings Argentina ST Lisandro Lopez 05/06 Racing Club
65%
Outgoings Argentina ST Lisandro Lopez 09/10 Lyon
65%
Incomings Argentina CM Lucho Gonzalez 05/06 River Plate
65%
Outgoings Argentina CM Lucho Gonzalez 09/10 Marseille
65%
Outgoings Argentina CM Lucho Gonzalez 13/14 Al-Rayyan
65%
Incomings Serbia DM Marko Grujic 22/23 Liverpool
63%
Incomings Serbia DM Marko Grujic 21/22 Liverpool
63%
Incomings Spain CM Oliver Torres 17/18 Atletico Madrid
63%
Outgoings Spain CM Oliver Torres 19/20 Sevilla
63%
Incomings Portugal RB Paulo Ferreira 02/03 Vitoria Setubal
63%
Outgoings Portugal RB Paulo Ferreira 04/05 Chelsea
63%
Incomings Cape Verde ST Ze Luis 19/20 Spartak Moscow
63%
Outgoings Cape Verde ST Ze Luis 20/21 Lokomotiv Moscow
63%
Incomings Brazil CM Anderson 04/05 Gremio
61%
Outgoings Brazil CM Anderson 07/08 Manchester United
61%
Incomings DR Congo CB Chancel Mbemba 18/19 Newcastle United
61%
Incomings Brazil CB Felipe 16/17 Corinthians
61%
Outgoings Brazil CB Felipe 19/20 Atletico Madrid
61%
Incomings Mexico RW Jesus Corona 15/16 Twente
61%
Outgoings Mexico RW Jesus Corona 21/22 Sevilla
61%
Incomings Portugal CM Bruno Costa 21/22 Portimonense
59%
Incomings Portugal RW Marco Ferreira 02/03 Vitoria Setubal
59%
Incomings Argentina RW Mariano Gonzalez 08/09 Palermo
59%
Incomings Argentina RW Mariano Gonzalez 07/08 Palermo
59%
Outgoings Portugal CB Ricardo Costa 07/08 Wolfsburg
59%
Incomings Argentina DM Alan Varela 23/24 Boca Juniors
57%
Incomings Uruguay LM Cristian Rodriguez 08/09 Paris Saint-Germain
57%
Outgoings Portugal RB Jose Bosingwa 08/09 Chelsea
57%
Incomings Iran ST Mehdi Taremi 20/21 Rio Ave
57%
Incomings Portugal RW Paulo Costa 01/02 Inter Milan
57%
Incomings Argentina DM Tomas Costa 08/09 Rosario Central
57%
Incomings Ivory Coast CB Willy Boly 16/17 Braga
57%
Outgoings Ivory Coast CB Willy Boly 18/19 Wolverhampton Wanderes
57%
Incomings Portugal CB David Carmo 22/23 Braga
56%
Outgoings Brazil DM Fernando 14/15 Manchester City
56%
Outgoings Colombia CM Fredy Guarin 12/13 Inter Milan
54%
Outgoings Colombia CM Fredy Guarin 11/12 Inter Milan
54%
Incomings Argentina CB Nicolas Otamendi 10/11 Velez Sarsfield
54%
Outgoings Argentina CB Nicolas Otamendi 14/15 Valencia
54%
Incomings Brazil ST Tiquinho Soares 16/17 Vitoria Guimaraes
54%
Outgoings Brazil ST Tiquinho Soares 20/21 Tianjin TEDA
54%
Incomings Brazil ST Evanilson 20/21 Tombense
52%
Outgoings Portugal RW Francisco Conceicao 22/23 Ajax
52%
Outgoings Portugal DM Ruben Neves 17/18 Wolverhampton Wanderes
52%
Outgoings Portugal GK Vitor Baia 96/97 Barcelona
52%
Incomings DR Congo DM Giannelli Imbula 15/16 Marseille
50%
Outgoings DR Congo DM Giannelli Imbula 15/16 Stoke City
50%
Incomings Portugal LB Rafa Soares 18/19 Portimonense
50%
Outgoings Portugal RW Sergio Conceicao 98/99 Lazio
50%
Incomings Argentina GK Agustin Marchesin 19/20 Club America
48%
Outgoings Argentina GK Agustin Marchesin 22/23 Celta Vigo
48%
Outgoings Portugal CB Bruno Alves 10/11 Zenit
48%
Incomings Brazil ST Jardel 96/97 Gremio
48%
Outgoings Brazil ST Jardel 00/01 Galatasaray
48%
Incomings Brazil ST Luis Fabiano 04/05 Sao Paulo
48%
Outgoings Brazil ST Luis Fabiano 05/06 Sevilla
48%
Outgoings Portugal CM Raul Meireles 10/11 Liverpool
48%
Outgoings Portugal CB Rolando 15/16 Marseille
48%
Outgoings Portugal CB Rolando 12/13 Napoli
48%
Incomings Brazil GK Vana Alves 17/18 Feirense
48%
Incomings Brazil LW Wenderson Galeno 21/22 Braga
48%
Outgoings Brazil LW Wenderson Galeno 19/20 Braga
48%
Incomings Algeria LW Yacine Brahimi 14/15 Granada
48%
Incomings Brazil AM Diego 04/05 Santos
46%
Outgoings Brazil AM Diego 06/07 Werder Bremen
46%
Incomings Brazil GK Fabiano 12/13 Olhanense
46%
Outgoings Portugal CM Maniche 05/06 Dynamo Moscow
46%
Incomings Netherlands CB Bruno Martins Indi 14/15 Feyenoord
44%
Outgoings Netherlands CB Bruno Martins Indi 17/18 Stoke City
44%
Incomings Brazil RW Gabriel Veron 22/23 Palmeiras
44%
Incomings Portugal ST Helder Postiga 04/05 Tottenham Hotspur
44%
Outgoings Portugal ST Helder Postiga 03/04 Tottenham Hotspur
44%
Outgoings Portugal ST Helder Postiga 08/09 Sporting CP
44%
Incomings Mali ST Moussa Marega 15/16 Maritimo
44%
Incomings Japan AM Shoya Nakajima 19/20 Al-Duhail
44%
Incomings South Africa ST Benni McCarthy 03/04 Celta Vigo
43%
Outgoings South Africa ST Benni McCarthy 06/07 Blackburn Rovers
43%
Incomings Nigeria LB Zaidu Sanusi 20/21 Santa Clara
43%
Outgoings Portugal CB Diogo Leite 23/24 Union Berlin
41%
Incomings Colombia AM Juan Fernando Quintero 13/14 Pescara
41%
Outgoings Colombia AM Juan Fernando Quintero 18/19 River Plate
41%
Incomings Colombia DM Mateus Uribe 19/20 Club America
41%
Incomings Mexico RB Miguel Layun 16/17 Watford
41%
Outgoings Mexico RB Miguel Layun 18/19 Villarreal
41%
Incomings Canada CM Stephen Eustaquio 22/23 Pacos de Ferreira
41%
Incomings Belgium DM Steven Defour 11/12 Standard Liege
41%
Outgoings Belgium DM Steven Defour 14/15 Anderlecht
41%
Incomings Spain ST Fran Navarro 23/24 Gil Vicente
39%
Outgoings Portugal ST Hugo Almeida 07/08 Werder Bremen
39%
Outgoings Portugal ST Hugo Almeida 06/07 Werder Bremen
39%
Incomings Spain AM Ivan Jaime 23/24 Famalicao
39%
Incomings Portugal GK Nuno Espirito Santo 02/03 Deportivo La Coruna
39%
Outgoings Portugal GK Nuno Espirito Santo 05/06 Dynamo Moscow
39%
Incomings Portugal CM Sergio Oliveira 15/16 Pacos de Ferreira
39%
Outgoings Portugal CM Sergio Oliveira 22/23 Galatasaray
39%
Outgoings Portugal CM Sergio Oliveira 21/22 Roma
39%
Incomings Brazil LB Wendell 21/22 Bayer Leverkusen
39%
Incomings Spain CB Ivan Marcano 19/20 Roma
35%
Incomings Spain CB Ivan Marcano 14/15 Rubin Kazan
35%
Incomings France CB Malang Sarr 20/21 Chelsea
35%
Incomings Senegal DM Mamadou Loum 19/20 Braga
35%
Incomings Spain LW Cristian Tello 14/15 Barcelona
33%
Incomings Portugal ST Domingos Paciencia 99/00 Tenerife
33%
Outgoings Portugal ST Domingos Paciencia 97/98 Tenerife
33%
Incomings Brazil GK Helton 05/06 Leiria
33%
Incomings Brazil CB Maicon 09/10 Cruzeiro
33%
Outgoings Brazil CB Maicon 16/17 Sao Paulo
33%
Outgoings Portugal LW Paulo Futre 87/88 Atletico Madrid
33%
Outgoings Portugal DM Pedro Mendes 04/05 Tottenham Hotspur
33%
Incomings Spain GK Andres Fernandez 14/15 Osasuna
31%
Outgoings Spain GK Andres Fernandez 17/18 Villarreal
31%
Incomings Romania CB Cristian Sapunaru 08/09 Rapid Bucharest
31%
Incomings Argentina CM Fernando Belluschi 09/10 Olympiacos
31%
Outgoings Argentina CM Fernando Belluschi 12/13 Bursaspor
31%
Outgoings Portugal ST Goncalo Paciencia 18/19 Eintracht Frankfurt
31%
Incomings Portugal CM Andre Andre 15/16 Vitoria Guimaraes
30%
Outgoings Ghana LW Christian Atsu 13/14 Chelsea
30%
Outgoings Brazil ST Derlei 04/05 Dynamo Moscow
30%
Outgoings Portugal CB Jorge Andrade 02/03 Deportivo La Coruna
30%
Incomings Paraguay LW Juan Iturbe 11/12 Cerro Porteno
30%
Outgoings Paraguay LW Juan Iturbe 14/15 Hellas Verona
30%
Outgoings Paraguay LW Juan Iturbe 12/13 River Plate
30%
Outgoings Paraguay LW Juan Iturbe 13/14 Hellas Verona
30%
Incomings Belgium ST Laurent Depoitre 16/17 Gent
30%
Outgoings Belgium ST Laurent Depoitre 17/18 Huddersfield Town
30%
Outgoings Portugal LB Nuno Valente 05/06 Everton
30%
Outgoings France CB Aly Cissokho 09/10 Lyon
28%
Incomings Portugal AM Andre Franco 22/23 Estoril Praia
28%
Outgoings Portugal DM Costinha 05/06 Dynamo Moscow
28%
Incomings Mexico CB Diego Reyes 13/14 Club America
28%
Incomings Russia CM Dmitriy Alenichev 00/01 Roma
28%
Outgoings Russia CM Dmitriy Alenichev 04/05 Spartak Moscow
28%
Incomings Brazil LW Fernando Andrade 18/19 Santa Clara
28%
Incomings Brazil GK Samuel Portugal 22/23 Portimonense
28%
Incomings Portugal RB Wilson Manafa 18/19 Portimonense
28%
Incomings Portugal LW Diogo Valente 06/07 Boavista
24%
Outgoings Portugal RB Miguel Lopes 12/13 Sporting CP
24%
Incomings Algeria ST Nabil Ghilas 13/14 Moreirense
24%
Outgoings Algeria ST Nabil Ghilas 16/17 Gaziantepspor
24%
Incomings Argentina RB Renzo Saravia 19/20 Racing Club
24%
Outgoings Portugal RB Secretario 96/97 Real Madrid
24%
Incomings Brazil AM Carlos Alberto 03/04 Fluminense
22%
Outgoings Brazil AM Carlos Alberto 04/05 Corinthians
22%
Incomings Lithuania ST Edgaras Jankauskas 02/03 Real Sociedad
22%
Outgoings Portugal CB Fernando Couto 94/95 Parma
22%
Incomings Austria ST Marc Janko 11/12 Twente
22%
Outgoings Austria ST Marc Janko 12/13 Trabzonspor
22%
Incomings Gambia RB Saidy Janko 18/19 Saint-Etienne
22%
Outgoings Gambia RB Saidy Janko 20/21 Real Valladolid
22%
Outgoings Nigeria CB Chidozie Awaziem 21/22 Boavista
20%
Incomings Portugal CB Fabio Cardoso 21/22 Santa Clara
20%
Incomings Brazil RB Joao Pedro 18/19 Palmeiras
20%
Incomings Portugal LW Lica 13/14 Estoril Praia
20%
Incomings Ghana SS Majeed Waris 18/19 Lorient
20%
Outgoings Brazil AM Carlos Eduardo 15/16 Al-Hilal
19%
Incomings Greece RB Georgios Seitaridis 04/05 Panathinaikos
19%
Outgoings Greece RB Georgios Seitaridis 05/06 Dynamo Moscow
19%
Incomings Brazil ST Kleber 11/12 Atletico Mineiro
19%
Outgoings Brazil ST Kleber 15/16 Beijing Guoan
19%
Incomings Russia AM Marat Izmailov 12/13 Sporting CP
19%
Incomings Brazil DM Paulo Assuncao 04/05 Nacional
19%
Outgoings Brazil DM Paulo Assuncao 08/09 Atletico Madrid
19%
Incomings South Korea ST Suk Hyun-jun 15/16 Vitoria Setubal
19%
Outgoings South Korea ST Suk Hyun-jun 18/19 Troyes
19%
Outgoings Slovenia AM Zlatko Zahovic 99/00 Olympiacos
19%
Incomings Brazil AM Paulinho 18/19 Portimonense
17%
Outgoings Brazil AM Paulinho 18/19 Portimonense
17%
Incomings Venezuela CB Yordan Osorio 18/19 Tondela
17%
Outgoings Venezuela CB Yordan Osorio 20/21 Parma
17%
Outgoings Venezuela CB Yordan Osorio 19/20 Zenit
17%
Outgoings Portugal RW Capucho 03/04 Rangers
15%
Outgoings Paraguay DM Carlos Paredes 02/03 Reggina
15%
Outgoings Brazil DM Emerson 96/97 Middlesbrough
15%
Incomings Portugal LW Hernani 14/15 Vitoria Guimaraes
15%
Outgoings Portugal LW Hernani 15/16 Olympiacos
15%
Incomings Portugal CB Joao Paulo 06/07 Leiria
15%
Outgoings Portugal CB Joao Paulo 09/10 Le Mans
15%
Incomings Brazil RW Kelvin 11/12 Parana
15%
Incomings Brazil ST Walter 10/11 Internacional
15%
Outgoings Brazil ST Walter 13/14 Fluminense
15%
Outgoings Portugal CM Castro 14/15 Kasimpasa
13%
Outgoings Portugal CM Castro 13/14 Kasimpasa
13%
Incomings Brazil ST Edgar Bruno 07/08 Beira-Mar
13%
Incomings Argentina ST Ernesto Farias 07/08 River Plate
13%
Outgoings Argentina ST Ernesto Farias 10/11 Cruzeiro
13%
Incomings Brazil AM Evandro 14/15 Estoril Praia
13%
Outgoings Brazil AM Evandro 16/17 Hull City
13%
Incomings Brazil CM Ewerton 18/19 Portimonense
13%
Outgoings Portugal AM Josue 15/16 Bursaspor
13%
Outgoings Portugal CM Paulo Machado 09/10 Toulouse
13%
Incomings Portugal CM Ruben Micael 09/10 Nacional
13%
Outgoings Portugal CM Ruben Micael 11/12 Atletico Madrid
13%
Outgoings Portugal AM Rui Barros 88/89 Juventus
13%
Incomings Slovakia LB Marek Cech 05/06 Sparta Prague
11%
Outgoings Slovakia LB Marek Cech 08/09 West Bromwich Albion
11%
Incomings Brazil DM Souza 10/11 Vasco da Gama
11%
Outgoings Brazil DM Souza 12/13 Gremio
11%
Incomings Morocco RW Tarik Sektioui 06/07 AZ Alkmaar
11%
Outgoings Portugal AM Toze 15/16 Vitoria Guimaraes
11%
Incomings Brazil ST Adriano 06/07 Cruzeiro
9%
Incomings Argentina RB Hugo Ibarra 01/02 Boca Juniors
9%
Outgoings Portugal AM Joao Carlos Teixeira 18/19 Vitoria Guimaraes
9%
Incomings Portugal CM Pele 08/09 Inter Milan
9%
Outgoings Brazil LB Esquerdinha 01/02 Real Zaragoza
7%
Incomings Colombia LB Hector Quinones 12/13 Junior
7%
Incomings Brazil CM Ibson 04/05 Flamengo
7%
Outgoings Brazil CM Ibson 09/10 Spartak Moscow
7%
Incomings Brazil AM Leandro Lima 07/08 Sao Caetano
7%
Incomings Brazil AM Leo Lima 04/05 Maritimo
7%
Incomings Brazil RW Maciel 03/04 Leiria
7%
Incomings Brazil LB Rubens Junior 99/00 Palmeiras
7%
Incomings Colombia ST Wason Renteria 06/07 Internacional
7%
Incomings Argentina AM Diego Valeri 09/10 Lanus
6%
Incomings Turkey RB Fatih Sonkaya 05/06 Besiktas
6%
Incomings Serbia CB Milan Stepanov 07/08 Trabzonspor
6%
Incomings Portugal RB Nelson 98/99 Aston Villa
6%
Outgoings Portugal CB Nuno Andre Coelho 10/11 Sporting CP
6%
Incomings Poland DM Przemyslaw Kazmierczak 07/08 Pogon Szczecin
6%
Incomings Brazil CB Argel Fuchs 99/00 Santos
4%
Outgoings Brazil CB Argel Fuchs 99/00 Palmeiras
4%
Incomings Brazil LB Leandro 04/05 Cruzeiro
4%
Incomings Argentina LB Lucas Mareque 06/07 River Plate
4%
Outgoings Argentina LB Lucas Mareque 07/08 Independiente
4%
Incomings Argentina DM Mario Bolatti 07/08 Belgrano
4%
Outgoings Argentina DM Mario Bolatti 09/10 Fiorentina
4%
Incomings Brazil LB Rossato 04/05 Nacional
4%
Outgoings Brazil LB Rossato 04/05 Real Sociedad
4%
Incomings Argentina DM Sebastian Prediger 09/10 Colon
4%
No matching quizzes found
Score Distribution
Percent of People with Each Score
Percentile by Number Answered
Your Score History
You have not taken this quiz